00781nam a2200229 a 450000100060000000300080000600500170001400800410003102000270007202000220009903500190012104000270014004100080016708200290017524500860020426000430029030000280033350400510036165000660041265000480047870000250052653345BD-RjUL20211209075939.0161005s2005 ii a b 001 0 eng  a0761933921 (hard back) a076193443X (pbk.) a(BD-RjUL)53465 aDLCcDLCdBD-RjULbeng aeng00a352.280954223bADM 200500aAdministrative reforms :btowards sustainable practices /cedited by Amita Singh. aNew Delhi :bSage Publications,c2005. a319 p. :bill. ;c23cm. aIncludes bibliographical references and index. 0aAdministrative agencieszIndiaxReorganizationvCase studies. 0aOrganizational changezIndiavCase studies.1 aSingh, Amita,d1955-